000 00489nam a22001457a 4500
005 20120317133041.0
020 _a8170580269
_c40.00
035 _aB-84438
037 _aDPL
_bENG
245 _aThe Mother : Tales of all times /
260 _aPondicherry
_bSri Aurobindo Ashram
_c2003
300 _a138p.
_c18 cms.
942 _2ddc
_cEN
_h181.49
_mMOT
999 _c64097
_d64097